Η διεξαγωγή της ποιοτικής έρευνας

Αποθηκεύτηκε σε:
Λεπτομέρειες βιβλιογραφικής εγγραφής
Κύριος συγγραφέας: Mason, Jennifer, 1958-
Άλλοι συγγραφείς: Κυριαζή, Νότα (edtf)
Μορφή: Βιβλίο
Γλώσσα:Greek
English
Δημοσίευση: Αθήνα : Ελληνικά Γράμματα, 2009.
Έκδοση:7η εκδ.
Σειρά:Θεωρία και έρευνα στην κοινωνιολογία (Ελληνικά Γράμματα)
Θέματα:
Ετικέτες: Προσθήκη ετικέτας
Δεν υπάρχουν, Καταχωρήστε ετικέτα πρώτοι!

MARC

LEADER 00000cam a2200000 i 4500
001 1/1063
008 090825s2009 gr | ||| |||| ||gre||
020 |a 9789604066339 
035 |l 10105460 
040 |a GR-MyUA  |b gre  |e AACR2 
041 1 |a gre  |h eng 
082 7 |a 300.72   |2 (21) 
100 1 |a Mason, Jennifer,   |d 1958- 
245 1 2 |a Η διεξαγωγή της ποιοτικής έρευνας /   |c Jennifer Mason ; μετάφραση: Ελένη Δημητριάδου ; επιστημονική επιμέλεια: Νότα Κυριαζή.  
250 |a 7η εκδ.  
260 |a Αθήνα :   |b Ελληνικά Γράμματα,   |c 2009.  
300 |a 396 σ. ;   |c 21 εκ.  
490 1 |a (Θεωρία και έρευνα στην κοινωνιολογία / Ελληνικά Γράμματα)  
504 |a Βιβλιογραφία: (σ. [389]-393). Ευρετήριο.  
650 0 0 |a Social sciences  |x Research  |x Methodology. 
650 0 0 |a Qualitative research. 
700 1 |a Κυριαζή, Νότα,  |e edtf 
765 0 8 |i Μετάφραση του:   |t Qualitative researching /  
830 0 |a Θεωρία και έρευνα στην κοινωνιολογία (Ελληνικά Γράμματα) 
852 |a INST  |b LESVOS  |e 20090825  |h 300.72 MAS  |p 005100046744  |q 005100046744  |t BK  |y 0 
901 |a BIBL1-2009-2 
970 |a ΚΑΜΑΤΣΟΥ  |b ΔΕΣΠΟΙΝΑ  |z 2009-08-25